000 00524nam a2200181 4500
001 21577
005 20230410143252.0
008 060907n2001 dr spa
020 _a9284404886
035 _9funglode21736
041 _aES
050 1 4 _aLEWIS
245 0 _aApuntes de metodología de la investigación en turismo /
_cAmparo Sancho Perez (dirección)
260 _aMadrid :
_bOrganización Mundial del Turismo (OMT),
_c2001
300 _a341 p.
700 _aSancho Perez, Amparo
942 _2lcc
_cbk
999 _c98438
_d98438